Les équipes ayant éliminé les clubs français en Ligue des champions - Statistiques

Statistiques générales
  • Ce quiz a été pris 20 fois
  • Le résultat moyen est 51 sur 102
Statistiques - réponses
Édition Niveau Club Nationalité Équipe % Correct
01/02 1er tour Lyon Allemagne Bayer Leverkusen
80%
01/02 1er tour Lyon Espagne FC Barcelone
80%
23/24 Demi-finale Paris Allemagne Borussia Dortmund
73%
23/24 Phase de groupe Lens Angleterre Arsenal
67%
19/20 Finale Paris Allemagne Bayern Munich
67%
22/23 1/8 de finale Paris Allemagne Bayern Munich
67%
25/26 Tour préliminaire Nice Portugal Benfica
67%
24/25 1/8 de finale Lille Allemagne Borussia Dortmund
67%
24/25 Barrages Brest France Paris SG
67%
25/26 Barrages Monaco France Paris SG
67%
23/24 Phase de groupe Lens Pays-Bas PSV Eindhoven
67%
11/12 1/8 de finale Lyon Chypre APOEL Nicosie
60%
13/14 Phase de groupe Marseille Angleterre Arsenal
60%
11/12 1/4 de finale Marseille Allemagne Bayern Munich
60%
24/25 Barrages Monaco Portugal Benfica
60%
13/14 Phase de groupe Marseille Allemagne Borussia Dortmund
60%
18/19 Phase de groupe Monaco Allemagne Borussia Dortmund
60%
21/22 1/8 de finale Lille Angleterre Chelsea
60%
12/13 1/4 de finale Paris Espagne FC Barcelone
60%
14/15 1/4 de finale Paris Espagne FC Barcelone
60%
16/17 1/8 de finale Paris Espagne FC Barcelone
60%
14/15 1/4 de finale Monaco Italie Juventus
60%
16/17 Demi-finale Monaco Italie Juventus
60%
15/16 1/4 de finale Paris Angleterre Manchester City
60%
20/21 Phase de groupe Marseille Angleterre Manchester City
60%
20/21 Demi-finale Paris Angleterre Manchester City
60%
10/11 1/8 de finale Marseille Angleterre Manchester United
60%
18/19 1/8 de finale Paris Angleterre Manchester United
60%
23/24 Tour préliminaire Marseille Grèce Panathinaïkós
60%
22/23 Tour préliminaire Monaco Pays-Bas PSV Eindhoven
60%
10/11 Phase de groupe Auxerre Italie AC Milan
53%
12/13 Phase de groupe Montpellier Angleterre Arsenal
53%
18/19 Phase de groupe Monaco Espagne Atletico Madrid
53%
09/10 Demi-finale Lyon Allemagne Bayern Munich
53%
12/13 Phase de groupe Lille Allemagne Bayern Munich
53%
19/20 Demi-finale Lyon Allemagne Bayern Munich
53%
13/14 1/4 de finale Paris Angleterre Chelsea
53%
19/20 Phase de groupe Lille Angleterre Chelsea
53%
20/21 Phase de groupe Rennes Angleterre Chelsea
53%
11/12 Phase de groupe Lille Russie CSKA Moscou
53%
22/23 Phase de groupe Marseille Allemagne Eintracht Francfort
53%
18/19 1/8 de finale Lyon Espagne FC Barcelone
53%
17/18 Phase de groupe Monaco Portugal FC Porto
53%
20/21 Phase de groupe Marseille Portugal FC Porto
53%
16/17 Phase de groupe Lyon Espagne FC Séville
53%
20/21 Phase de groupe Rennes Espagne FC Séville
53%
11/12 Phase de groupe Lille Italie Inter Milan
53%
16/17 Phase de groupe Lyon Italie Juventus
53%
15/16 Phase de groupe Lyon Belgique La Gantoise
53%
09/10 1/4 de finale Bordeaux France Olympique lyonnais
53%
10/11 1/8 de finale Lyon Espagne Real Madrid
53%
17/18 1/8 de finale Paris Espagne Real Madrid
53%
21/22 1/8 de finale Paris Espagne Real Madrid
53%
22/23 Phase de groupe Marseille Angleterre Tottenham
53%
15/16 Phase de groupe Lyon Russie Zenit Saint-Pétersbourg
53%
02/03 1er tour Lens Italie AC Milan
47%
09/10 Phase de groupe Marseille Italie AC Milan
47%
02/03 1er tour Lyon Pays-Bas Ajax Amsterdam
47%
01/02 2e tour Nantes Allemagne Bayern Munich
47%
17/18 Phase de groupe Monaco Turquie Beşiktaş
47%
04/05 Phase de groupe Paris Angleterre Chelsea
47%
08/09 1/8 de finale Lyon Espagne FC Barcelone
47%
14/15 Tour préliminaire Lille Portugal FC Porto
47%
01/02 1er tour Lille Angleterre Manchester United
47%
06/07 1/8 de finale Lille Angleterre Manchester United
47%
17/18 Tour préliminaire Nice Italie Naples
47%
04/05 1/8 de finale Monaco Pays-Bas PSV Eindhoven
47%
04/05 1/4 de finale Lyon Pays-Bas PSV Eindhoven
47%
10/11 Phase de groupe Auxerre Espagne Real Madrid
47%
21/22 Tour préliminaire Monaco Ukraine Shakhtar Donetsk
47%
05/06 1/4 de finale Lyon Italie AC Milan
40%
02/03 1er tour Auxerre Angleterre Arsenal
40%
08/09 Phase de groupe Bordeaux Italie AS Rome
40%
08/09 Phase de groupe Marseille Espagne Atletico Madrid
40%
05/06 Phase de groupe Lille Portugal Benfica
40%
02/03 1er tour Auxerre Allemagne Borussia Dortmund
40%
08/09 Phase de groupe Bordeaux Angleterre Chelsea
40%
03/04 Phase de groupe Marseille Portugal FC Porto
40%
03/04 1/4 de finale Lyon Portugal FC Porto
40%
03/04 Finale Monaco Portugal FC Porto
40%
04/05 Phase de groupe Paris Portugal FC Porto
40%
07/08 Tour préliminaire Toulouse Angleterre Liverpool
40%
08/09 Phase de groupe Marseille Angleterre Liverpool
40%
01/02 2e tour Nantes Angleterre Manchester United
40%
07/08 1/8 de finale Lyon Angleterre Manchester United
40%
07/08 Phase de groupe Marseille Portugal Porto
40%
09/10 Phase de groupe Marseille Espagne Real Madrid
40%
13/14 Tour préliminaire Lyon Espagne Real Sociedad
40%
12/13 Phase de groupe Montpellier Allemagne Schalke 04
40%
12/13 Phase de groupe Lille Espagne Valence CF
40%
15/16 Tour préliminaire Monaco Espagne Valence CF
40%
19/20 Phase de groupe Lille Espagne Valence CF
40%
06/07 1/8 de finale Lyon Italie AS Rome
33%
05/06 Tour préliminaire Monaco Espagne Betis Séville
33%
01/02 1er tour Lille Espagne Deportivo La Corogne
33%
02/03 1er tour Lens Espagne Deportivo La Corogne
33%
02/03 1er tour Lyon Italie Inter Milan
33%
06/07 Phase de groupe Bordeaux Angleterre Liverpool
33%
07/08 Phase de groupe Marseille Angleterre Liverpool
33%
06/07 Phase de groupe Bordeaux Pays-Bas PSV Eindhoven
33%
03/04 Phase de groupe Marseille Espagne Real Madrid
33%
05/06 Phase de groupe Lille Espagne Villarreal
27%
Aucun quiz correspondant
Distribution des résultats
% des personnes avec chaque résultat
Percentile par nombre de réponses
Votre historique - résultats
Vous n’avez pas pris ce quiz